000 00377cam a22001217a 4500
008 180718b1981 xxu||||| |||| 00| 0 eng d
082 _aO9108x54 In2
245 _aInternational conference on environmental education: abstracts
_cedited by J.K. Bhat and Desh Bandhu
260 _aNew Delhi
_bTimes Press
_c1981
300 _a127p.
700 _aBandhu, Desh
700 _aBhat, J.L.
999 _c494170
_d494170